000 00701nam a2200229 i 4500
001 bg
100 1 _aTOKESHI, M.
245 0 0 _aSpecies coexistence :
_becological and evolutionary perspectives /
_cM. Tokeshi.
260 _aOxford :
_bBlackwell Science,
_c1999.
300 _aX, 454 s. :
_bil. ;
_c24 cm.
504 _aBibliogr. - Indeks.
650 9 _aEkologia
_xzagadnienia
650 9 _aEwolucja
_xzagadnienia
020 _a0865427445
040 _cBPK
041 0 _aen
080 _a574:575.8
920 _a0-86542-744-5
942 _cKS
008 s pl f |000 0 pol
999 _c40745
_d40745
856 _uhttp://koha.tu.koszalin.pl/cgi-bin/koha/opac-detail.pl?biblionumber=40745
_yKatalog online BPK